00593 2200181 4500001002100000008004100021035002000062245014100082100001700223250001100240260004100251300002400292020002200316084001700338082001100355650003200366990001300398INLIS000000000000955 ind  a0010-0120000955 aWahai PemimpinbSurat Wasiat Imam Malik ra Kepada Pribadi Khalifah Harun Al-RasyidcImam Malik, As'ad Yasin, Arifin Jami'an (Penerjemah) aMaliki, Imam aCet. 1 aSurabaya:bPustaka Progressif,c1992 aix, 88 hlm,c18 cm. a978-979-876-543-8 a297.61 MAL w a297.61 aIslam -- Kepemimpinan Islam a11900467